Formule 1 : Quiz sur Carlos Sainz Jr - Statistiques

Statistiques générales
  • Ce quiz a été pris 113 fois
    30 depuis la dernière actualisation
  • Le résultat moyen est 14 sur 20
Statistiques - réponses
Question Réponse % Correct
Qui est son coéquipier actuel ? Alex Albon
100%
Pour quel écurie roule-t-il actuellement ? Williams
100%
Quel pays représente-il ? Espagne
96%
Quel écurie a-t-il rejoint en 2018 ? Renault F1 Team
92%
Quel est son numéro permanent en F1 ? 55
88%
Dans quel discipline son père remporta-t-il le championnat du monde en 1990 ? Rallye
88%
Qui fut son coéquipier ? Lando Norris
81%
Pour quel écurie Carlos Sainz Jr a-t-il disputé 37 Grand Prix entre 2019 et 2020 ? McLaren
81%
Dans quelle écurie fit-il ses débuts ? Toro Rosso
81%
Qui fut son coéquipier cette année là ? Nico Hulkenberg
77%
Lors de quel Grand Prix en 2023 Carlos Sainz remporte-il la victoire mettant fin aux 10 victoires consécutives de Max Verstappen ? Grand Prix de Singapour
73%
Combien de podium compte-il aujourd'hui ? 28
65%
Qui fut son premier coéquipier en Formule 1 ? Max Verstappen
65%
En quelle année fit-il ses débuts en Formule 1 ? 2015
54%
Sur quelle circuit Carlos Sainz Jr décroche-t-il sa première victoire ? Circuit de Silverstone
50%
Combien a-t-il de victoires aujourd'hui ? 4
46%
Quel est son meilleure classement au championnat du monde de Formule 1 ? 5eme
42%
Lors de quel Grand Prix Carlos Sainz Jr décroche-t-il son premier podium ? Grand Prix du Brésil
42%
En 2014, devant quel pilote Carlos Sainz devient-il champion de formule Renault 3.5 ? Pierre Gasly
42%
Dans quelle ville Carlos Sainz est-il né ? Madrid
31%
Aucun quiz correspondant
Distribution des résultats
% des personnes avec chaque résultat
Percentile par nombre de réponses
Votre historique - résultats
Vous n’avez pas pris ce quiz depuis la dernière actualisation